000 00783cab a2200253 4500
001 ABS43958
008 090401t1991 xxu||||| |||| 00| 0 eng d
035 _a(Sirsi) u44450
041 _aeng
100 _aBerry, P.
245 _aProperty lending and floating charges
260 _c1991
350 _a0
490 _aSolicitors` Journal
_v135(3) 25 January 1991, 81-82(2)
520 _aExamines the reasons for the growing practice by property lenders to take floating charges over real property on which they are lending.
650 _aADMINISTRATION ORDERS
650 _aBANKS
650 _aFINANCIAL INSTITUTIONS
650 _aINSOLVENCY ACT 1986
650 _aLENDING
690 _aPROPERTY-PROPERTY FINANCE AND INVESTMENT
942 _n0
948 _c04/03/1997
999 _c28272
_d28272